Výsledky inšpekčnej činnosti v materských školách s výchovným jazykom maďarským v školskom roku 2002/03

Kontrola a hodnotenie úrovne výchovno-vzdelávacieho procesu, podmienok a riadenia v materskej škole. Jazyková príprava zo slovenčiny. Realizácia úloh prosociálnej výchovy. Odporúčania a podnety na záver.

Bibliographic Details
Main Author: Uváčková, Ilona (Author)
Format: Article
Language:Slovak
Subjects:

MARC

LEADER 00000cab a2200000 a 4500
001 vtls001513052
003 SK-MaSNL
005 20260304210115.0
008 140912c20032004xo sr 0 0b0slos
035 |a SPKCL15379 
040 |a SPKCL  |b slo  |c SNKBUCL  |d SPK(MH)  |e AACR2 
041 0 |a slo 
044 |a xo  |c SK 
080 |a 37.014.6:373.24:376.74  |2 1981 
100 1 |a Uváčková, Ilona  |4 aut  |9 416101 
245 1 0 |a Výsledky inšpekčnej činnosti v materských školách s výchovným jazykom maďarským v školskom roku 2002/03  |c Ilona Uváčková 
520 |a Kontrola a hodnotenie úrovne výchovno-vzdelávacieho procesu, podmienok a riadenia v materskej škole. Jazyková príprava zo slovenčiny. Realizácia úloh prosociálnej výchovy. Odporúčania a podnety na záver. 
648 7 |a 2002-2003  |2 SNKPH  |9 301125 
650 0 7 |a pedagogická evalvácia  |2 SNKPH  |9 4127 
650 0 7 |a materské školy  |2 SNKPH  |9 1278 
650 0 7 |a maďarčina  |2 SNKPH  |9 1492 
650 0 7 |a slovenčina  |2 SNKPH  |9 1350 
650 0 7 |a sociálna výchova  |2 SNKPH  |9 50063 
650 0 7 |a predškolská výchova  |2 SNKPH  |9 3959 
650 0 7 |a školská inšpekcia  |2 SNKPH  |9 70272 
655 7 |a články  |2 SNKPH  |9 70601 
773 1 |t Predškolská výchova  |g Roč. 58, č. 1 (2003/2004) s. 20-22 
850 |a Slovenská pedagogická knižnica Bratislava 
852 |a SPKCL  |b KIS3GCP  |b 000710000  |n SK 
999 |c 3124493  |d 3126423